<The> Challenge of Democracy Government in America
Na minha lista:
| Autor principal: | |
|---|---|
| Outros Autores: | , |
| Formato: | Livro |
| Idioma: | inglês |
| Publicado em: |
Boston
Houghton Mifflin Company
1989
|
| Edição: | 2. ed. |
| Assuntos: | |
| Tags: |
Sem tags, seja o primeiro a adicionar uma tag!
|
MARC
| LEADER | 00000nam a2200000 4500 | ||
|---|---|---|---|
| 001 | c000917 | ||
| 005 | 20221206131333.1 | ||
| 020 | |a 0-395-43292-8 | ||
| 041 | 0 | |a eng | |
| 044 | |a US | ||
| 245 | 1 | 0 | |a <The> Challenge of Democracy |b Government in America |c Kenneth Janda, Jeffrey M. Berry, Jerry Goldman |
| 250 | |a 2. ed. | ||
| 264 | 1 | |a Boston |b Houghton Mifflin Company |c 1989 | |
| 300 | |a 738 s. |e príl. | ||
| 610 | 2 | 0 | |a demokracia |
| 610 | 2 | 0 | |a vláda |
| 610 | 2 | 0 | |a Amerika |
| 610 | 2 | 0 | |a politika |
| 610 | 2 | 0 | |a prostriedky masovokomunikačné |
| 610 | 2 | 0 | |a voľby |
| 610 | 2 | 0 | |a strany politické |
| 610 | 2 | 0 | |a orgány štátne |
| 610 | 2 | 0 | |a práva ľudské |
| 610 | 2 | 0 | |a USA |
| 100 | 1 | |a Janda, Kenneth | |
| 700 | 1 | |a Berry, Jeffrey M. | |
| 700 | 1 | |a Goldman, Jerry | |